000 00340nam a2200145Ia 4500
008 191201s2003 xx 000 0 und d
082 _a621.38214
_bSAE
100 _aSADIKU, Matthew No
245 0 _aElements of Electromagnetics
250 _a3rd
260 _aUSA
_bOUP
_c2003
300 _a765
650 _aB.Tech(ECE)
942 _2ddc
_cBK
999 _c1181
_d1181